[Event "Krefeld op"]
[Site "Krefeld"]
[Date "2022.08.07"]
[Round "6"]
[White "Sonnenschein, Philipp"]
[Black "Riedel, David"]
[Result "1-0"]
[WhiteElo "2180"]
[BlackElo "1937"]
[PlyCount "83"]
[EventDate "2022.08.04"]
[EventType "swiss"]
[EventRounds "9"]
[EventCountry "GER"]
[SourceTitle "CBM 209 Extra"]
[Source "ChessBase"]
[SourceDate "2022.09.30"]
[SourceVersion "1"]
[SourceVersionDate "2022.09.30"]
[SourceQuality "1"]

1. d4 d5 2. c4 e6 3. Nf3 Nf6 4. g3 Bb4+ 5. Bd2 c5 6. Bxb4 cxb4 7. cxd5 Qxd5 8. Bg2 Bd7 9. 0-0 Bc6 10. Nbd2 0-0 11. Qb3 a5 12. Qxd5 Bxd5 13. Rfe1 Ne4 14. Nxe4 Bxe4 15. Ne5 Bxg2 16. Kxg2 f6 17. Nf3 Nc6 18. Rac1 Rfd8 19. Red1 Rd7 20. Rd2 Rad8 21. Rcd1 a4 22. Kf1 b5 23. e3 Na5 24. Ke2 Rc8 25. Ne1 b3 26. axb3 Nxb3 27. Rc2 Rdc7 28. Rxc7 Rxc7 29. d5 exd5 30. Rxd5 Rc5 31. Rd7 Na5 32. Nd3 Rc2+ 33. Kd1 Rxb2 34. Nxb2 a3 35. Kc2 axb2 36. Kxb2 Nc4+ 37. Kc3 Ne5 38. Rd8+ Kf7 39. h3 b4+ 40. Kb3 Ke6 41. Rh8 h6 42. Rg8 1-0

[Event "Krefeld op"]
[Site "Krefeld"]
[Date "2022.08.06"]
[Round "4"]
[White "Braun, Joshua"]
[Black "Riedel, David"]
[Result "0-1"]
[WhiteElo "1604"]
[BlackElo "1937"]
[PlyCount "56"]
[EventDate "2022.08.04"]
[EventType "swiss"]
[EventRounds "9"]
[EventCountry "GER"]
[SourceTitle "CBM 209 Extra"]
[Source "ChessBase"]
[SourceDate "2022.09.30"]
[SourceVersion "1"]
[SourceVersionDate "2022.09.30"]
[SourceQuality "1"]

1. e4 e5 2. Nf3 Nf6 3. Bc4 Nxe4 4. Nxe5 d5 5. Qf3 Nf6 6. Bb3 Bd6 7. d4 0-0 8. 0-0 c5 9. c3 c4 10. Bc2 Qc7 11. Qg3 Nc6 12. Bh6 Ng4 13. Bxg7 Kxg7 14. h3 Ncxe5 15. dxe5 Bxe5 16. f4 Qb6+ 17. Kh1 Qe3 18. Qh4 Bxf4 19. Qxh7+ Kf6 20. hxg4 Bd7 21. Qh6+ Ke5 22. Qh5+ f5 23. Bxf5 Bxf5 24. Rxf4 Qxf4 25. Kg1 Qxg4 26. Qh2+ Qf4 27. g3 Qe3+ 28. Kg2 Be4+ 0-1